[Event "Wiesbaden op 31st"]
[Site "Wiesbaden"]
[Date "2019.08.25"]
[Round "6"]
[White "Dietze, Frank Heinz"]
[Black "Kropp, Volker"]
[Result "1-0"]
[WhiteElo "2096"]
[BlackElo "1993"]
[PlyCount "101"]
[EventDate "2019.08.22"]
[EventType "swiss"]
[EventRounds "7"]
[EventCountry "GER"]
[SourceTitle "EXT 2020"]
[Source "ChessBase"]
[SourceDate "2019.10.17"]
[SourceVersion "1"]
[SourceVersionDate "2019.10.17"]
[SourceQuality "1"]

1. d4 Nf6 2. Bg5 c5 3. Bxf6 gxf6 4. c3 Qb6 5. Qd2 e6 6. Nf3 d5 7. e3 Nc6 8. Be2 cxd4 9. exd4 Bd7 10. 0-0 h5 11. Na3 Bh6 12. Qc2 Rc8 13. Rad1 Qc7 14. Ne1 Ke7 15. Nb5 Qf4 16. Nd3 Qb8 17. Qb3 Rcg8 18. Qa3+ Kd8 19. Qd6 Qc8 20. Nc5 Bf8 21. Qf4 a6 22. Nd6 Bxd6 23. Qxd6 Qc7 24. Qxc7+ Kxc7 25. f4 f5 26. Rd3 h4 27. Re3 Ne7 28. b3 Bb5 29. c4 dxc4 30. bxc4 Bc6 31. d5 exd5 32. Rxe7+ Kd6 33. Re5 Kxc5 34. cxd5 Bb5 35. Rc1+ Kd6 36. Bxb5 axb5 37. Rxf5 h3 38. g3 Ra8 39. Rc2 Rhc8 40. Rd2 Rc1+ 41. Kf2 Rh1 42. Kf3 Ra1 43. Rf6+ Ke7 44. Rb6 R8xa2 45. d6+ Kd8 46. Rd5 Rxh2 47. Rxb7 Rc2 48. Rh5 Ra3+ 49. Kg4 Kc8 50. Rxf7 Kb8 51. Rxb5+ 1-0

[Event "Heusenstamm Sparkassen op-A 2nd"]
[Site "Heusenstamm"]
[Date "2015.11.29"]
[Round "6"]
[White "Bethke, Richard"]
[Black "Kropp, Volker"]
[Result "1/2-1/2"]
[WhiteElo "1672"]
[BlackElo "2002"]
[PlyCount "88"]
[EventDate "2015.11.26"]
[EventType "swiss"]
[EventRounds "7"]
[EventCountry "GER"]
[SourceTitle "EXT 2018"]
[Source "ChessBase"]
[SourceDate "2017.10.13"]
[SourceVersion "1"]
[SourceVersionDate "2017.10.13"]
[SourceQuality "1"]

1. e4 c5 2. Nf3 Nc6 3. d4 cxd4 4. Nxd4 Nf6 5. Nc3 e5 6. Ndb5 h6 7. Nd5 Nxd5 8. exd5 a6 9. dxc6 axb5 10. cxd7+ Bxd7 11. Qd5 Qc7 12. Bd2 Qc5 13. Qxc5 Bxc5 14. Be2 Bc6 15. 0-0 0-0 16. Bc3 b4 17. Bd2 Rfd8 18. Rfd1 Rd6 19. c3 Rad8 20. cxb4 Bxf2+ 21. Kxf2 Rxd2 22. Ke1 Rxd1+ 23. Rxd1 Rxd1+ 24. Kxd1 Bxg2 25. a4 Kf8 26. b5 Ke7 27. a5 Kd6 28. b4 f5 29. a6 bxa6 30. bxa6 Kc7 31. b5 g5 32. Ke1 Bd5 33. Kf2 Kb6 34. Kg3 h5 35. Bxh5 Kxb5 36. Be2+ Kc5 37. h4 f4+ 38. Kg4 gxh4 39. Kxh4 Kd4 40. Kg4 Ke3 41. Bb5 Be6+ 42. Kg5 Bc8 43. Kf6 e4 44. Ke5 Bxa6 1/2-1/2

[Event "Heusenstamm Sparkassen op-A 2nd"]
[Site "Heusenstamm"]
[Date "2015.11.27"]
[Round "2"]
[White "Enneper, Eckhard"]
[Black "Kropp, Volker"]
[Result "0-1"]
[WhiteElo "2155"]
[BlackElo "2002"]
[PlyCount "54"]
[EventDate "2015.11.26"]
[EventType "swiss"]
[EventRounds "7"]
[EventCountry "GER"]
[SourceTitle "EXT 2018"]
[Source "ChessBase"]
[SourceDate "2017.10.13"]
[SourceVersion "1"]
[SourceVersionDate "2017.10.13"]
[SourceQuality "1"]

1. d4 Nf6 2. Nf3 e6 3. c4 c5 4. Nc3 cxd4 5. Nxd4 Nc6 6. Ndb5 d6 7. Bf4 e5 8. Bg5 a6 9. Bxf6 gxf6 10. Na3 f5 11. Nc2 Be6 12. Ne3 Bh6 13. Ned5 Bxd5 14. cxd5 Ne7 15. e3 0-0 16. g4 f4 17. g5 Bxg5 18. h4 Bf6 19. Qh5 fxe3 20. 0-0-0 Rc8 21. Bd3 Ng6 22. Be4 Qa5 23. Rd3 exf2 24. Qf5 Qxa2 25. Qxf6 Qa1+ 26. Kc2 Qa4+ 27. Kc1 Qxe4 0-1

[Event "Rhein Main op-A 14th"]
[Site "Bad Homburg"]
[Date "2011.06.25"]
[Round "5"]
[White "Goerg, Joachim"]
[Black "Kropp, Volker"]
[Result "0-1"]
[WhiteElo "2154"]
[BlackElo "2042"]
[PlyCount "120"]
[EventDate "2011.06.22"]
[EventType "swiss"]
[EventRounds "7"]
[EventCountry "GER"]
[SourceTitle "EXT 2012"]
[Source "ChessBase"]
[SourceDate "2011.11.24"]
[SourceVersion "1"]
[SourceVersionDate "2011.11.24"]
[SourceQuality "1"]

1. e4 c5 2. Nf3 Nc6 3. d4 cxd4 4. Nxd4 Nf6 5. Nc3 e5 6. Ndb5 d6 7. Bg5 a6 8. Na3 b5 9. Nd5 Be7 10. Nxe7 Nxe7 11. Bxf6 gxf6 12. c4 b4 13. Nc2 a5 14. Bd3 f5 15. exf5 Bxf5 16. Bxf5 Nxf5 17. Qf3 Ne7 18. Rd1 0-0 19. Qf6 Ra6 20. Ne3 Ng6 21. Qf5 Qc8 22. Qg5 f5 23. h4 Kh8 24. h5 Nf4 25. Qe7 Qd8 26. Qxd8 Rxd8 27. g3 Ne6 28. Nxf5 b3 29. a3 Rc6 30. Rh4 Rd7 31. Rg4 Nd4 32. Ne3 Rg7 33. Re4 a4 34. Kd2 Rc5 35. Kd3 Rg5 36. Rh1 h6 37. g4 Ne6 38. f3 Nd4 39. Rf1 Ne6 40. Kc3 Nd4 41. Kd3 Kg7 42. f4 exf4 43. Rexf4 Ne6 44. Rf7+ Kg8 45. R7f6 Rce5 46. Rxh6 Nc5+ 47. Ke2 Rxg4 48. Kf3 Rge4 49. Rg6+ Kh7 50. Ng4 Rxh5 51. Nf6+ Kxg6 52. Nxe4 Rf5+ 53. Ke2 Nxe4 54. Rg1+ Rg5 55. Rd1 Kf5 56. Ke3 Rg3+ 57. Kd4 Nc5 58. Rf1+ Ke6 59. Re1+ Kd7 60. Rd1 Rg2 0-1

[Event "Rhein Main op-A 14th"]
[Site "Bad Homburg"]
[Date "2011.06.25"]
[Round "6"]
[White "Kropp, Volker"]
[Black "Minor, Samuel"]
[Result "0-1"]
[WhiteElo "2042"]
[BlackElo "2210"]
[PlyCount "62"]
[EventDate "2011.06.22"]
[EventType "swiss"]
[EventRounds "7"]
[EventCountry "GER"]
[SourceTitle "EXT 2012"]
[Source "ChessBase"]
[SourceDate "2011.11.24"]
[SourceVersion "1"]
[SourceVersionDate "2011.11.24"]
[SourceQuality "1"]

1. d4 Nf6 2. Nf3 d5 3. Bf4 c5 4. c3 Nc6 5. e3 Qb6 6. Qb3 c4 7. Qc2 Bf5 8. Qc1 e6 9. Nbd2 Nh5 10. Be2 Nxf4 11. exf4 Qc7 12. g3 Be7 13. 0-0 0-0 14. Re1 b5 15. Nf1 b4 16. Ne3 Bg6 17. Bd1 bxc3 18. bxc3 Qa5 19. a4 Kh8 20. Ng4 Bd6 21. Nge5 Nxe5 22. Nxe5 Bxe5 23. Rxe5 Rab8 24. g4 Bd3 25. Qa3 Rfe8 26. Rc1 f6 27. Rh5 Qc7 28. f5 exf5 29. Bf3 Qf4 30. Kg2 Be4 31. Bxe4 Qxg4+ 0-1

[Event "Rhein Main op 13th"]
[Site "Bad Homburg"]
[Date "2010.06.03"]
[Round "2"]
[White "Engel, Berthold"]
[Black "Kropp, Volker"]
[Result "1-0"]
[WhiteElo "2210"]
[BlackElo "2049"]
[PlyCount "125"]
[EventDate "2010.06.02"]
[EventType "swiss"]
[EventRounds "7"]
[EventCountry "GER"]
[SourceTitle "EXT 2011"]
[Source "ChessBase"]
[SourceDate "2010.11.26"]
[SourceVersion "1"]
[SourceVersionDate "2010.11.26"]
[SourceQuality "1"]

1. c4 e6 2. Nc3 d5 3. cxd5 exd5 4. d4 Nf6 5. Bg5 Nbd7 6. e3 c6 7. Bd3 Be7 8. Nge2 Nh5 9. Bxe7 Qxe7 10. Qc2 Nhf6 11. 0-0 0-0 12. Rab1 Re8 13. b4 b6 14. a4 g6 15. Nf4 Bb7 16. Rfe1 Qd6 17. Nce2 Rac8 18. Ng3 Rc7 19. Qb2 Rec8 20. Red1 Qe7 21. Be2 c5 22. dxc5 bxc5 23. Bf3 cxb4 24. Qxb4 Qc5 25. Nge2 a5 26. Qb3 Ba6 27. Nxd5 Bc4 28. Nxf6+ Nxf6 29. Qb2 Bxe2 30. Qxe2 Kg7 31. h3 Qe5 32. Rb5 Rc5 33. Qd3 R8c7 34. Rxc5 Qxc5 35. Qd4 Qc2 36. Qa1 Rc4 37. Rd6 Qc1+ 38. Qxc1 Rxc1+ 39. Kh2 Rc4 40. Rd4 Rc2 41. Kg3 h5 42. h4 Rc5 43. Bb7 Ng4 44. Be4 Nf6 45. Bd3 Nd5 46. Rc4 Rxc4 47. Bxc4 Nc3 48. Bb3 Kf6 49. Kf4 Nb1 50. e4 Nd2 51. Ba2 Nf1 52. e5+ Kg7 53. Ke4 Nh2 54. Kd4 Ng4 55. f3 Nh6 56. Bb1 Kf8 57. Kc5 Ke7 58. Kb6 Ke6 59. Kxa5 Ng8 60. Kb6 Ne7 61. Be4 Kxe5 62. Kc7 f5 63. Bb7 1-0

[Event "Budapest Spring op 24th"]
[Site "Budapest"]
[Date "2008.03.26"]
[Round "6"]
[White "Csapo, Zoltan"]
[Black "Kropp, Volker"]
[Result "1/2-1/2"]
[WhiteElo "2120"]
[BlackElo "2090"]
[PlyCount "78"]
[EventDate "2008.03.21"]
[EventType "swiss"]
[EventRounds "9"]
[EventCountry "HUN"]
[SourceTitle "CBM 123 Extra"]
[Source "ChessBase"]
[SourceDate "2008.05.06"]
[SourceVersion "1"]
[SourceVersionDate "2008.05.06"]
[SourceQuality "1"]

1. e4 c5 2. g3 Nc6 3. Bg2 g6 4. Ne2 Bg7 5. c3 e6 6. 0-0 Nge7 7. d4 cxd4 8. cxd4 d5 9. exd5 exd5 10. Nbc3 0-0 11. Bg5 Be6 12. Qd2 Qd7 13. Rfe1 Rac8 14. Bh6 Nf5 15. Bxg7 Kxg7 16. Nf4 Nfxd4 17. Ncxd5 Bxd5 18. Nxd5 Qf5 19. Ne7 Qd7 20. Rad1 Nxe7 21. Qxd4+ Qxd4 22. Rxd4 Rc7 23. Red1 b6 24. Rd7 Rfc8 25. Bb7 Rxd7 26. Rxd7 Rc1+ 27. Kg2 Kf6 28. Be4 Rc4 29. Kf3 Ra4 30. a3 Ra5 31. Bb1 Ke6 32. Rb7 f5 33. Ba2+ Kf6 34. h4 h6 35. Rd7 Rc5 36. Rxa7 Rc2 37. a4 Rxb2 38. Bc4 Nc6 39. Rf7+ Ke5 1/2-1/2

[Event "FRA-chT2 East 0708"]
[Site "France"]
[Date "2007.11.24"]
[Round "2.4"]
[White "Bakalarz, Mietek"]
[Black "Kropp, Volker"]
[Result "1-0"]
[WhiteElo "2342"]
[BlackElo "2112"]
[PlyCount "91"]
[EventDate "2007.10.21"]
[EventType "team"]
[EventRounds "11"]
[EventCountry "FRA"]
[SourceTitle "EXT 2009"]
[Source "ChessBase"]
[SourceDate "2008.11.26"]
[SourceVersion "1"]
[SourceVersionDate "2008.11.26"]
[SourceQuality "1"]
[WhiteTeam "Epinal"]
[BlackTeam "Saverne"]
[WhiteTeamCountry "FRA"]
[BlackTeamCountry "FRA"]

1. d4 Nf6 2. Nf3 c5 3. d5 d6 4. Nc3 g6 5. e4 Bg7 6. Bb5+ Bd7 7. a4 a6 8. Bxd7+ Nbxd7 9. 0-0 0-0 10. a5 b5 11. axb6 Qxb6 12. Nd2 Ne8 13. Nc4 Qc7 14. Bd2 Nb6 15. Qe2 Nxc4 16. Qxc4 Qb7 17. Rfb1 Nc7 18. Nd1 Qb5 19. Qf1 Qxf1+ 20. Kxf1 f5 21. exf5 Nxd5 22. fxg6 hxg6 23. Ra4 Be5 24. g3 Nb6 25. Rg4 Kg7 26. Bc3 Bf6 27. h4 Rh8 28. Bxf6+ Kxf6 29. Nc3 d5 30. b4 c4 31. Rf4+ Ke6 32. Re1+ Kd6 33. Rf7 Rae8 34. f4 Rhg8 35. Rh7 e6 36. Kf2 Re7 37. Rh6 Rgg7 38. Kf3 Kd7 39. Ra1 d4 40. Rd1 d3 41. cxd3 Kc6 42. h5 gxh5 43. dxc4 Nxc4 44. Rxh5 Nb6 45. Ra1 Kb7 46. Ne4 1-0

[Event "Wiesbaden op"]
[Site "Wiesbaden"]
[Date "2007.08.09"]
[Round "7"]
[White "Kropp, Volker"]
[Black "Salewski, Bernd"]
[Result "1/2-1/2"]
[WhiteElo "2122"]
[BlackElo "2043"]
[PlyCount "26"]
[EventDate "2007.08.02"]
[EventType "swiss"]
[EventRounds "7"]
[EventCountry "GER"]
[SourceTitle "EXT 2008"]
[Source "ChessBase"]
[SourceDate "2007.11.25"]
[SourceVersion "1"]
[SourceVersionDate "2007.11.25"]
[SourceQuality "1"]

1. Nf3 d5 2. g3 c6 3. Bg2 Bg4 4. Ne5 Bf5 5. d4 Nd7 6. Nxd7 Qxd7 7. Bf4 Nf6 8. c3 Bh3 9. 0-0 Bxg2 10. Kxg2 e6 11. Nd2 Bd6 12. Bxd6 Qxd6 13. Qb3 Qc7 1/2-1/2

[Event "Wiesbaden op"]
[Site "Wiesbaden"]
[Date "2007.08.09"]
[Round "3"]
[White "Werner, Bernd Michael"]
[Black "Kropp, Volker"]
[Result "0-1"]
[WhiteElo "2096"]
[BlackElo "2122"]
[PlyCount "48"]
[EventDate "2007.08.02"]
[EventType "swiss"]
[EventRounds "7"]
[EventCountry "GER"]
[SourceTitle "EXT 2008"]
[Source "ChessBase"]
[SourceDate "2007.11.25"]
[SourceVersion "1"]
[SourceVersionDate "2007.11.25"]
[SourceQuality "1"]

1. e4 c5 2. c4 Nc6 3. Nc3 g6 4. g3 Bg7 5. Bg2 d6 6. Nge2 h5 7. h3 Nd4 8. Nxd4 cxd4 9. Ne2 e5 10. d3 Be6 11. a4 a5 12. b3 Qc7 13. Rb1 Nf6 14. f4 Nd7 15. 0-0 f5 16. Ba3 h4 17. exf5 gxf5 18. gxh4 0-0-0 19. b4 Rdg8 20. bxa5 Bf6 21. Kh1 Rxh4 22. Ng1 e4 23. dxe4 fxe4 24. Bxe4 Bxh3 0-1

[Event "Karl Mala Memorial op 10th"]
[Site "Griesheim"]
[Date "2006.07.22"]
[Round "4"]
[White "Kropp, Volker"]
[Black "Solonar, Stefan"]
[Result "0-1"]
[WhiteElo "2134"]
[BlackElo "2346"]
[PlyCount "76"]
[EventDate "2006.07.20"]
[EventType "swiss"]
[EventRounds "7"]
[EventCountry "GER"]
[SourceTitle "CBM 113 Extra"]
[Source "ChessBase"]
[SourceDate "2006.09.14"]
[SourceVersion "1"]
[SourceVersionDate "2006.09.14"]
[SourceQuality "1"]

1. d4 Nf6 2. Bg5 c5 3. Bxf6 gxf6 4. d5 Qb6 5. Qc1 f5 6. e3 Bg7 7. Nc3 d6 8. Bb5+ Nd7 9. Nge2 0-0 10. Bxd7 Bxd7 11. 0-0 Qb4 12. Qd2 Kh8 13. f4 b5 14. a3 Qa5 15. Qe1 Rg8 16. Nd1 Qa4 17. c3 Qc2 18. Qf2 Qb3 19. Qf3 e6 20. dxe6 fxe6 21. Nc1 Qa4 22. Qb7 Rad8 23. b3 Qa5 24. b4 cxb4 25. cxb4 Qa4 26. Ra2 Bf6 27. e4 fxe4 28. Qxe4 Rc8 29. Ne3 d5 30. Qb1 Rc3 31. Nd1 Rxa3 32. Rxa3 Qxa3 33. Kh1 Be8 34. Rf3 Qa4 35. Qb3 Bh5 36. Rf1 Rc8 37. Qh3 Bxd1 38. Qxe6 Rf8 0-1

[Event "Augsburg Afro op"]
[Site "Augsburg"]
[Date "2003.08.09"]
[Round "5"]
[White "Kropp, Volker"]
[Black "Lorenz, Oda"]
[Result "1-0"]
[WhiteElo "2128"]
[BlackElo "1962"]
[PlyCount "91"]
[EventDate "2003.08.06"]
[EventType "swiss"]
[EventRounds "7"]
[EventCountry "GER"]
[SourceTitle "EXT 2006"]
[Source "ChessBase"]
[SourceDate "2005.11.24"]
[SourceVersion "1"]
[SourceVersionDate "2005.11.24"]
[SourceQuality "1"]

1. e4 e5 2. d4 exd4 3. Qxd4 Nc6 4. Qe3 Nf6 5. Nc3 Bb4 6. Bd2 0-0 7. 0-0-0 d6 8. f3 Ne5 9. g4 Bc5 10. Qf4 Ng6 11. Qg3 c6 12. h4 b5 13. h5 Ne5 14. Bf4 Qa5 15. h6 b4 16. Nb1 Qxa2 17. hxg7 Re8 18. g5 Nxe4 19. fxe4 Qe6 20. Bxe5 Qxe5 21. Qxe5 Rxe5 22. Nf3 Rxe4 23. Bd3 Rf4 24. Bxh7+ Kxg7 25. Nfd2 Bg4 26. Rde1 Bf2 27. Re4 Rxe4 28. Bxe4 d5 29. Bf3 Bf5 30. Rf1 Be3 31. Bxd5 Bxc2 32. Rxf7+ Kg6 33. Kxc2 cxd5 34. Rd7 Kxg5 35. Rxd5+ Kf6 36. Rb5 a5 37. Nc4 Bd4 38. Nxa5 Rc8+ 39. Kb3 Rc5 40. Rb6+ Kg5 41. Rxb4 Bf6 42. Nc4 Rf5 43. Nc3 Be7 44. Rb7 Kf6 45. Ne3 Re5 46. Ng4+ 1-0

[Event "Augsburg Afro op"]
[Site "Augsburg"]
[Date "2003.08.09"]
[Round "6"]
[White "Wolf, Armin"]
[Black "Kropp, Volker"]
[Result "0-1"]
[WhiteElo "2319"]
[BlackElo "2128"]
[PlyCount "56"]
[EventDate "2003.08.06"]
[EventType "swiss"]
[EventRounds "7"]
[EventCountry "GER"]
[SourceTitle "EXT 2006"]
[Source "ChessBase"]
[SourceDate "2005.11.24"]
[SourceVersion "1"]
[SourceVersionDate "2005.11.24"]
[SourceQuality "1"]

1. e4 c5 2. Nf3 Nc6 3. Bb5 e6 4. Bxc6 bxc6 5. d3 Ne7 6. 0-0 Ng6 7. c3 Be7 8. d4 cxd4 9. cxd4 d5 10. Nc3 0-0 11. b3 Bb4 12. Bb2 Bxc3 13. Bxc3 dxe4 14. Nd2 f5 15. Nc4 Qg5 16. Kh1 Ba6 17. g3 Rad8 18. f4 Qe7 19. Qe1 Qe8 20. Rf2 Bb7 21. Kg1 Ba8 22. Rd1 c5 23. Qe3 Ne7 24. Ba5 Nd5 25. Qc1 e3 26. Nxe3 Nxe3 27. Qxe3 Qc6 28. Kf1 Qb5+ 0-1